[Event "CZE-ch Juniors op-B"]
[Site "Sec u Chrudimi"]
[Date "2008.03.08"]
[Round "1"]
[White "Stransky, Vojtech"]
[Black "Rain, Jan"]
[Result "1-0"]
[WhiteElo "1690"]
[BlackElo "1319"]
[PlyCount "55"]
[EventDate "2008.03.08"]
[EventType "swiss"]
[EventRounds "9"]
[EventCountry "CZE"]
[SourceTitle "EXT 2009"]
[Source "ChessBase"]
[SourceDate "2008.11.26"]
[SourceVersion "1"]
[SourceVersionDate "2008.11.26"]
[SourceQuality "1"]

1. e4 e5 2. Nf3 Nc6 3. d4 exd4 4. Nxd4 Bc5 5. Be3 Bb6 6. Nxc6 bxc6 7. Bxb6 axb6 8. Nc3 d6 9. Be2 Nf6 10. Bf3 Ba6 11. e5 Nd7 12. Bxc6 Ra7 13. Qg4 Rg8 14. e6 Bb7 15. exd7+ Kf8 16. Bxb7 Rxb7 17. 0-0 c6 18. Qe4 Qxd7 19. Rfe1 g6 20. Rad1 d5 21. Qh4 Kg7 22. h3 Rd8 23. Qd4+ Kg8 24. Re2 Re8 25. Rde1 Rbb8 26. Qg4 Qxg4 27. Rxe8+ Rxe8 28. Rxe8+ 1-0

[Event "CZE-ch U14"]
[Site "Sec u Chrudimi"]
[Date "2007.10.22"]
[Round "3"]
[White "Rain, Jan"]
[Black "Tresnak, Filip"]
[Result "0-1"]
[WhiteElo "1322"]
[BlackElo "1734"]
[PlyCount "130"]
[EventDate "2007.10.20"]
[EventType "swiss"]
[EventRounds "9"]
[EventCountry "CZE"]
[SourceTitle "EXT 2022"]
[Source "ChessBase"]
[SourceDate "2021.10.06"]
[SourceVersion "1"]
[SourceVersionDate "2021.10.06"]
[SourceQuality "1"]

1. d4 f5 2. Nc3 Nf6 3. Bg5 e6 4. d5 h6 5. Bh4 g5 6. Bg3 f4 7. Bxf4 gxf4 8. dxe6 dxe6 9. Qxd8+ Kxd8 10. 0-0-0+ Bd7 11. g3 Bd6 12. gxf4 Bxf4+ 13. e3 Bd6 14. Bg2 Kc8 15. e4 Nc6 16. Nb5 Bf4+ 17. Kb1 a6 18. Nc3 Rg8 19. Bh3 Be5 20. Nge2 Bxc3 21. Nxc3 e5 22. Bxd7+ Nxd7 23. f3 Nf6 24. Rhg1 b5 25. a3 Kb7 26. Nd5 Nxd5 27. exd5 Nd4 28. f4 Rxg1 29. Rxg1 exf4 30. Rf1 Rf8 31. c3 Nb3 32. Kc2 Nc5 33. b4 Nd7 34. Kd3 Ne5+ 35. Ke4 Ng6 36. h3 Rf6 37. Rf3 Kb6 38. Rf2 c5 39. dxc6 Kxc6 40. Rf3 Kd7 41. Rf2 Re6+ 42. Kd3 Ke7 43. c4 bxc4+ 44. Kxc4 Re3 45. a4 Rxh3 46. b5 axb5+ 47. axb5 Kd6 48. Rd2+ Kc7 49. b6+ Kc6 50. Rb2 Kb7 51. Kb5 Rh5+ 52. Kc4 Rf5 53. Kd4 Rf6 54. Kc5 Rc6+ 55. Kd4 Rxb6 56. Rh2 Ne7 57. Ke4 Rf6 58. Ke5 Rf5+ 59. Ke6 Kc6 60. Kxe7 Kd5 61. Rxh6 f3 62. Rh1 f2 63. Rd1+ Ke4 64. Rf1 Kf3 65. Ke6 Rg5 0-1